000 00364 a2200169 4500
001 186589
020 _a85-262-3109-X
040 _cMagnum
100 _aLira, Mazé
240 1 0 _aBrincando com algarismos
_lpor
245 1 0 _aBrincando com algarismos
300 _a23
362 0 _a1997
440 1 _aScipione
697 _aLITERATURA INFANTIL
942 _cBK
999 _c186589
_d186589